Music Quiz

Random Music Quiz

Lao Pop Idols Quiz Stats

Quiz not verified by Sporcle

Also try: Songs on Nevermind
Challenge
Share
Tweet
Score 0/20 Timer 06:00
0 Plays Today
% Correct
Genii
100%
Tik Princess
81.8%
Sam
81.8%
Cells
81.8%
Aluna
72.7%
Annita
72.7%
G-bloodz
72.7%
Pull-T Club
72.7%
MAZ
63.6%
May
63.6%
% Correct
Shawty
63.6%
Boxer
63.6%
Xtreme
63.6%
L.O.G
63.6%
Black Eyes
63.6%
ULUVUS
63.6%
Temple Guys
54.5%
Super One
54.5%
A'pacts
54.5%
Idolz
54.5%

You're not logged in!

Compare scores with friends on all Sporcle quizzes.
Sign Up with Email
OR
Log In

You Might Also Like...

Show Comments

Extras

Top Quizzes Today


Score Distribution

Your Account Isn't Verified!

In order to create a playlist on Sporcle, you need to verify the email address you used during registration. Go to your Sporcle Settings to finish the process.